000 00329nam a22001217a 4500
008 230704b xxu||||| |||| 00| 0 eng d
020 _a0792310241
082 _a341.
_bSCH 1991
245 _aInternational Law in Theory and Practice
260 _aLondon
_bMartinus Nijhoff Publishers
_c1991
300 _aVIII,431p
942 _2ddc
_cBK
999 _c3888
_d3888